Cenová problematika informační činnosti v odborné literatuře

Bibliographic Details
Main Author: Džudžev, Stoimir (Author)
Format: Article
Language:Slovak
Czech
Subjects:

MARC

LEADER 00000nab a2200000 a 4500
001 vtls000041676
003 SK-MaSNL
005 20260304062213.0
008 250422c1979 xo 0 slo
015 |a SNBRB19rr/mm-uuuuu 
035 |a CL0051771 
035 |a urn:nbn:sk:snk-ab1jkm 
035 |a (urnnbn)urn:nbn:sk:snk:ar-0045yo 
035 |a (uuid)62f8a58c-877d-4646-9647-48c62c507ecd 
040 |a SNKBUCL  |b slo  |c SNKBUCL  |e AACR2 
041 0 |a cze 
044 |a xo  |c SK 
080 |a 025.52:338.5(100)  |2 1981 
080 |a 338.5(100)  |2 1981 
100 1 |a Džudžev, Stoimir  |4 aut  |9 1325179 
245 1 0 |a Cenová problematika informační činnosti v odborné literatuře  |c Stoimir Džudžev 
650 0 7 |a služby informačné  |2 snkbucl  |9 884441 
655 7 |a články z novín a časopisov  |2 snkbucl  |9 267496 
655 7 |a články z odboru knihovníctvo  |2 snkbucl  |9 166141 
773 0 |t Knižnice a vedecké informácie  |g Roč. 11, č. 5 (1979), s. 201-208 
850 |a Slovenská národná knižnica 
852 |a Slovenská národná knižnica 
954 |a odborná, vedecká literatúra cudzojazyčná (svetová)  |2 lita 
958 |a article2022 
958 |a RK 
958 |a KL 
958 |a OND 
958 |a EUIPO 
992 |a RBX 
999 |c 2736952  |d 2738882